[Event "DSSM WK2"]
[Site "Husum"]
[Date "2002.05.12"]
[Round "5.4"]
[White "Bartsch, Tom"]
[Black "Gebhardt, Andreas"]
[Result "1/2-1/2"]
[WhiteElo "664"]
[BlackElo "1415"]
[PlyCount "87"]
[EventDate "2002.05.10"]
[EventType "team"]
[EventRounds "7"]
[EventCountry "GER"]
[SourceTitle "CBM 088 Extra"]
[Source "ChessBase"]
[SourceDate "2002.07.01"]
[SourceVersion "2"]
[SourceVersionDate "2002.07.01"]
[SourceQuality "1"]

1. e4 e5 2. Nf3 Nc6 3. d4 exd4 4. Nxd4 Nxd4 5. Qxd4 Qf6 6. Qxf6 Nxf6 7. Bd3 Bc5 8. 0-0 d6 9. Bg5 Ng4 10. Nc3 f6 11. Bf4 Be6 12. Nd5 Bxd5 13. exd5 0-0 14. Bf5 Ne5 15. Rfe1 Rae8 16. Rad1 Nc4 17. Rxe8 Rxe8 18. Be6+ Kf8 19. b3 Ne5 20. Bxe5 fxe5 21. Rd3 Ke7 22. Rf3 Rf8 23. Rxf8 Kxf8 24. Kf1 Ke7 25. Bf5 g6 26. Bd3 Kf6 27. Ke2 Kg5 28. Kf3 h6 29. g3 Kf6 30. h3 h5 31. Be4 Kg5 32. Bd3 h4 33. g4 Kf6 34. Be4 g5 35. Ke2 Ke7 36. f3 Kd7 37. Kd3 c6 38. c4 Kc7 39. Kc3 a6 40. b4 Bf2 41. dxc6 bxc6 42. a4 Be1+ 43. Kb3 Kb6 44. a5+ 1/2-1/2